000 00235nam a2200097Ia 4500
001 1135201
005 20250827005143.0
008 250824s9999 xx 000 0 und d
245 0 _aDEVLET ANA
_cKEMAL TAHİR
260 _bKETEBE YAYINLARI
999 _c1135201
_d1135201